|
|
|
|
| LEADER |
00000nab a2200000ua 4500 |
| 001 |
vtls010808430 |
| 003 |
SK-MaSNL |
| 005 |
20260303131730.0 |
| 008 |
230218s1971 xo |||||||||||||||||ukr| |
| 035 |
|
|
|a (urnnbn)urn:nbn:sk:snk:ar-00442n
|
| 035 |
|
|
|a (uuid)b03aa509-f3cf-4112-bd3c-237ef50f2a03
|
| 035 |
|
|
|a urn:nbn:sk:snk-ab42xv
|
| 040 |
|
|
|a SNKBUCL
|b slo
|c SNKBUCL
|e AACR2
|
| 041 |
0 |
|
|a ukr
|
| 044 |
|
|
|a xo
|c SK
|
| 100 |
1 |
|
|a Kalinčak, Jan
|4 aut
|9 274968
|
| 245 |
1 |
0 |
|a RESTAVRACIJA
|c Jan Kalinčak, J. Golenda
|
| 700 |
1 |
|
|a Golenda, J.
|4 trl
|9 1148815
|
| 773 |
0 |
|
|t Duklja : literaturno-chudožnij ta hromads'ko-polityčnyj al'manach
|g Roč. 19, č. 4 (1971), s. 42-45
|
| 958 |
|
|
|a OND
|
| 958 |
|
|
|a EUIPO
|
| 958 |
|
|
|a article3
|
| 999 |
|
|
|c 1946649
|d 1948579
|